Könige von Preußen - mit Bild - Statistiken

Allgemein
  • Dieses Quiz wurde 228 mal gespielt
  • Das Durchschnittsergebnis liegt bei 7 aus 9
Antwortstatistiken
Bildquiz Hint Antwort % Korrekt
1701-1713 Friedrich I.
91%
1740-1786 Friedrich II. der Große
87%
1861-1888 Wilhelm I.
86%
1888-1918 Wilhelm II.
85%
1713-1740 Friedrich Wilhelm I.
75%
1888-1888 Friedrich III.
73%
1786-1797 Friedrich Wilhelm II.
63%
1797-1840 Friedrich Wilhelm III.
62%
1840-1861 Friedrich Wilhelm IV.
60%
Keine übereinstimmenden Quizze gefunden
Verteilung der Resultate
Anzahl Personen mit jedem Resultat
Perzentil nach korrekt beantworteten Fragen
Ihre Resultats-Entwicklung
Sie haben dieses Quiz noch nicht gespielt